Základy ekonomie, mezinárodních vztahů, logiky a teorie vědy / Jiří Bílý
Record details
- ISBN: 80-86861-23-6
- Physical Description: 200 s. ; 21 cm
- Edition: 1. vyd.
- Publisher: Praha : Eurolex Bohemia, 2005
Content descriptions
| Bibliography, etc. Note: | Obsahuje bibliografie |
Search for related items by subject
| Subject: | ekonomie mezinárodní vztahy logika teorie vědy economics international relations logic theory of science |
| Genre: | učebnice textbooks |
Available copies
- 1 of 1 copy available at Common Catalog SPOK.
Holds
- 0 current holds with 1 total copy.
Show All Copies
| Location | Call Number / Copy Notes | Barcode | Shelving Location | Status | Due Date |
|---|---|---|---|---|---|
| Jabok Library | Soc-8.1 | 424480022496 | Odborná literatura | Available | - |
Electronic resources
Version of Resource: Digitalizovaný dokument
| LDR | 01525nam a2200457 a 4500 | ||
|---|---|---|---|
| 001 | 15145 | ||
| 003 | CZ-PrJAB | ||
| 005 | 20200321063204.0 | ||
| 007 | ta | ||
| 008 | 051101s2005 xr e p 000 0 cze | ||
| 015 | . | ‡acnb001629377 | |
| 020 | . | ‡a80-86861-23-6 ‡q(brož.) | |
| 035 | . | ‡a(CZ PrNK)nkc20051629377 | |
| 035 | . | ‡a(OCoLC)85164382 | |
| 040 | . | ‡aOLA001 ‡bcze ‡dABA001 | |
| 072 | 7. | ‡a3 ‡xSpolečenské vědy ‡2Konspekt ‡918 | |
| 072 | 7. | ‡a37.016 ‡xUčební osnovy. Vyučovací předměty. Učebnice ‡2Konspekt ‡922 | |
| 080 | . | ‡a33 ‡2MRF | |
| 080 | . | ‡a327 ‡2MRF | |
| 080 | . | ‡a16 ‡2MRF | |
| 080 | . | ‡a001.1/.5 ‡2MRF | |
| 080 | . | ‡a(075) ‡2MRF | |
| 100 | 1 | . | ‡aBílý, Jiří, ‡d1954- ‡7jn20001005345 ‡4aut |
| 245 | 1 | 0. | ‡aZáklady ekonomie, mezinárodních vztahů, logiky a teorie vědy / ‡cJiří Bílý |
| 250 | . | ‡a1. vyd. | |
| 260 | . | ‡aPraha : ‡bEurolex Bohemia, ‡c2005 | |
| 300 | . | ‡a200 s. ; ‡c21 cm | |
| 504 | . | ‡aObsahuje bibliografie | |
| 650 | 0 | 7. | ‡aekonomie ‡7ph114430 ‡2czenas |
| 650 | 0 | 7. | ‡amezinárodní vztahy ‡7ph137626 ‡2czenas |
| 650 | 0 | 7. | ‡alogika ‡7ph122436 ‡2czenas |
| 650 | 0 | 7. | ‡ateorie vědy ‡7ph137316 ‡2czenas |
| 650 | 0 | 9. | ‡aeconomics ‡2eczenas |
| 650 | 0 | 9. | ‡ainternational relations ‡2eczenas |
| 650 | 0 | 9. | ‡alogic ‡2eczenas |
| 650 | 0 | 9. | ‡atheory of science ‡2eczenas |
| 655 | 7. | ‡aučebnice ‡7fd133770 ‡2czenas | |
| 655 | 9. | ‡atextbooks ‡2eczenas | |
| 856 | 4 | 1. | ‡uhttp://krameriusndk.nkp.cz/search/handle/uuid:7c966300-7d35-11e9-823d-005056827e52 ‡yDigitalizovaný dokument |
| 910 | . | ‡aABG312 | |
| 995 | . | ‡aska | |
| 901 | . | ‡a15145 ‡bCZ PrNK ‡c15145 ‡tbiblio | |